Top 15 plus grandes patinoires de france - Statistiques

Statistiques générales
  • Ce quiz a été pris 54 fois
  • Le résultat moyen est 7 sur 15
Statistiques - réponses
TOP Places Ville % Correct
1 5 504 Marseille
93%
3 4 200 Lyon
78%
5 3 312 Bordeaux
73%
2 4 208 Grenoble
60%
6 3 279 Rouen
58%
4 3 586 Angers
50%
8 3 042 Gap
38%
13 2 300 Tours
38%
14 2 300 Briançon
35%
15 2 063 Chamonix
35%
7 3 220 Amiens
30%
11 2 516 Epinal
28%
9 2 997 Cergy-Pontoise
25%
10 2 700 Megeve
15%
12 2 500 Meribel
10%
Aucun quiz correspondant
Distribution des résultats
% des personnes avec chaque résultat
Percentile par nombre de réponses
Votre historique - résultats
Vous n’avez pas pris ce quiz